000 00844nam a2200241 i 4500
001 bg
100 1 _aKUROWSKI, Waldemar
245 1 0 _aDyskretne widmo Fouriera w diagnostyce wibroakustycznej /
_cWaldemar Kurowski.
260 _aBiałystok :
_bDział Wydawnictw i Poligrafii,
_c1997.
300 _a186 s. :
_bfot., rys., wykr. ;
_c23 cm.
490 1 _aRozprawy Naukowe / Politechnika Białostocka,
_x0867-096X ;
_vNr 50
504 _aBibliogr. s. 141-149. - Streszcz., summ.
650 9 _aDiagnostyka techniczna
_xmetody
650 9 _aDrgania
_xbadanie
650 9 _aDźwięk
_xbadanie
710 0 _aPOLITECHNIKA BIAŁOSTOCKA (Białystok)
830 0 _aRozprawy Naukowe (Politechnika Białostocka) ;
_vNr 50
040 _cBPK
041 0 _apl
_benpl
080 _a621.01:004
942 _cKS
008 s pl f |000 0 pol
999 _c32779
_d32779
856 _uhttp://koha.tu.koszalin.pl/cgi-bin/koha/opac-detail.pl?biblionumber=32779
_yKatalog online BPK